000 00825nam1a22002651 4500
001 rc\4252802
005 20130416114225.2
035 _a(NLR Aleph) 008477253
090 _a7967550
_c7967550
100 _a20130416d1963 |||y0rusy50 ca
101 0 _arus
102 _aRU
105 _ay j |||||
200 1 _aУчебник русского языка
205 _a10-е изд. Ч. 1 -
210 _aМосква
_cУчпедгиз
_d1963
215 _d22
606 _aРусский язык
_jУчебники и пособия
_2psbo
700 1 _aБархударов
_bС. Г.
_f1894-1983
_gСтепан Григорьевич
701 1 _aКрючков
_bС. Е.
_gСергей Ефимович
801 0 _aRU
_bNLR
_gpsbo
801 1 _aRU
_bELAR
_2rusmarc
852 _aNLR
_j62-5/4457
942 _cBOOK
980 _aNB